[Event "Thessaloniki/Chalkidiki-chT"]
[Site "Thessaloniki/Chalkidiki"]
[Date "2019.03.03"]
[Round "7.10"]
[White "Karamichos, Michail"]
[Black "Mitsiou, Georgios"]
[Result "1/2-1/2"]
[WhiteElo "1435"]
[BlackElo "1370"]
[PlyCount "128"]
[EventDate "2019.01.13"]
[EventType "team-tourn"]
[EventRounds "9"]
[EventCountry "GRE"]
[SourceTitle "EXT 2020"]
[Source "ChessBase"]
[SourceDate "2019.10.17"]
[SourceVersion "1"]
[SourceVersionDate "2019.10.17"]
[SourceQuality "1"]
[WhiteTeam "Galaxias"]
[BlackTeam "Polygyrou ASO"]
[WhiteTeamCountry "GRE"]
[BlackTeamCountry "GRE"]

1. e4 c5 2. Nf3 d6 3. d4 cxd4 4. Nxd4 Nf6 5. Nc3 Nc6 6. Bc4 g6 7. Be3 Bg7 8. f3 0-0 9. Qd2 Re8 10. 0-0-0 Ne5 11. Bb3 Bd7 12. g4 Rc8 13. h4 h5 14. gxh5 Nxh5 15. Bh6 Bf6 16. Nd5 Bh8 17. Rdg1 Nc4 18. Qd3 Ne5 19. Qd1 e6 20. Nc3 Kh7 21. Bg5 Bf6 22. f4 Nc4 23. Bxf6 Qxf6 24. f5 exf5 25. exf5 Bxf5 26. Nxf5 Qxf5 27. Bxc4 Rxc4 28. Qxd6 Qf4+ 29. Qxf4 Nxf4 30. Rf1 Ne2+ 31. Nxe2 Rxe2 32. c3 Kg7 33. h5 gxh5 34. Rxh5 Rce4 35. Rg5+ Kf8 36. Rb5 Re1+ 37. Rxe1 Rxe1+ 38. Kd2 Re7 39. a4 Kg7 40. b4 Kg6 41. Rd5 f5 42. Rd3 f4 43. Rf3 Kg5 44. Rf2 Kg4 45. Re2 Rxe2+ 46. Kxe2 Kg3 47. Kf1 Kf3 48. c4 Ke4 49. a5 Kd4 50. c5 a6 51. b5 Kxc5 52. bxa6 bxa6 53. Kf2 Kb5 54. Kf3 Kxa5 55. Kxf4 Kb4 56. Ke3 a5 57. Kd2 Ka3 58. Kc2 Ka2 59. Kc1 a4 60. Kc2 Ka1 61. Kc1 a3 62. Kc2 Ka2 63. Kc1 Ka1 64. Kc2 a2 1/2-1/2